Detection of Vegetation in Aerial Laser Scanning Data
Gespeichert in:
| 1. Verfasser: | |
|---|---|
| Weitere Verfasser: | |
| Format: | Manuskript Buch |
| Sprache: | Slowakisch Englisch |
| Veröffentlicht: |
2022
|
| Schlagworte: | |
| Online-Zugang: | http://is.stuba.sk/zp/portal_zp.pl?podrobnosti=159073 https://opac.crzp.sk/?fn=detailBiblioForm&sid=7E417B54B864B7C45221F94635AB |
| Tags: |
Keine Tags, Fügen Sie das erste Tag hinzu!
|
MARC
| LEADER | 00000ntm a22000003a 4500 | ||
|---|---|---|---|
| 001 | stuzp84323 | ||
| 003 | SK-STU | ||
| 005 | 20230510135754.9 | ||
| 007 | ta | ||
| 008 | 150427s2015----xo-----f-mn---000-0-slo-d | ||
| 040 | |a STU |b slo | ||
| 041 | 0 | |a eng | |
| 100 | 1 | |a Al-Humimat, Laith Adnan Khalil |u 010130 |4 aut |U SvF Stavebná fakulta |T SvF Katedra globálnej geodézie a geoinformatiky |X 105591 |U V130 |Y 13 |7 105591 | |
| 242 | 0 | 1 | |a Detekcia vegetácie v dátach z leteckého laserového skenovania |y slo |
| 245 | 1 | 0 | |a Detection of Vegetation in Aerial Laser Scanning Data |
| 260 | |c 2022 | ||
| 650 | 4 | |a R project |2 slo | |
| 650 | 4 | |a LiDAR |2 slo | |
| 650 | 4 | |a mračno bodov |2 slo | |
| 650 | 4 | |a vegetácia |2 slo | |
| 650 | 4 | |a LasTools |2 slo | |
| 650 | 4 | |a ArcGIS |2 slo | |
| 650 | 4 | |a point cloud |2 eng | |
| 650 | 4 | |a vegetation |2 eng | |
| 650 | 4 | |a ArcGIS |2 eng | |
| 650 | 4 | |a LasTools |2 eng | |
| 650 | 4 | |a LiDAR |2 eng | |
| 650 | 4 | |a R project |2 eng | |
| 700 | 1 | |a Lieskovský, Tibor |u 010130 |k Z1 |4 ths |U SvF Stavebná fakulta |T SvF Katedra globálnej geodézie a geoinformatiky |X 3805 |U V130 |Y 13 |7 A000003805 | |
| 856 | 4 | |u http://is.stuba.sk/zp/portal_zp.pl?podrobnosti=159073 | |
| 856 | 4 | |u https://opac.crzp.sk/?fn=detailBiblioForm&sid=7E417B54B864B7C45221F94635AB | |